| 000 | 00763nam a22002177a 4500 | ||
|---|---|---|---|
| 999 |
_c2742 _d2742 |
||
| 003 | AR-CdUCM | ||
| 008 | 190305b ||||| |||| 00| 0 spa d | ||
| 040 |
_aMUNICIPALIDAD PROVINCIAL DEL CUSCO _cBIBLIOTECA MUNICIPAL DEL CUSCO |
||
| 082 |
_a869.56 / _bC19 |
||
| 100 |
_aCalvo, Cesar _9634 |
||
| 245 | _aPoemas bajo tierra / | ||
| 260 |
_aLima : _bMinerva, _c1961. |
||
| 300 |
_a45 Páginas ; _c17 cm. |
||
| 505 | _aContenido: Aquel bello pariente de los pájaros -- La fuente -- Venid a ver el cuarto del poeta -- Todos mis sufrimientos -- Un sauce con regalos -- A la intemperie estoy... | ||
| 650 |
_aPoesía peruana _9806 |
||
| 650 |
_aPoeta joven _99578 |
||
| 650 |
_aPrimer premio _99579 |
||
| 650 |
_aPadre _99580 |
||
| 942 |
_2ddc _cLIBROS |
||
| 945 | _adavv | ||